Sports Quiz

Random Sports or WWE Quiz

Black WWE PPV Competitors Quiz Stats

 Plays Quiz not verified by Sporcle

Challenge
Share
Tweet
Score 0/70 Timer 07:00
1 Play Today
First PPV Wrestler % Correct
Survivor Series '96Rocky Maivia/ The Rock
85.3%
Mind GamesMark Henry
81.6%
InvasionBooker T
81.5%
Survivor Series '96Faarooq/ Ron Simmons
80.6%
Night of Champions '08Kofi Kingston
79.4%
Badd Blood '97D-Lo Brown
74%
Survivor Series '95Ahmed Johnson
72.2%
WrestleMania XXIXBig E. Langston
70.6%
WrestleMania IThe Junkyard Dog
70.3%
Royal Rumble '93Papa Shango/ Kama/ Kama Mustafa/ The Godfather
69.8%
WrestleMania IVBad News Brown
68.7%
Survivor Series '00K-Kwik/ R-Truth
68.3%
WrestleMania XXIIIMarcus Cor Von
67%
Royal Rumble '03Shelton Benjamin
65.8%
WrestleMania XXXXavier Woods
65.3%
No Mercy '05Bobby Lashley
61.9%
Survivor Series '93Mabel/ Viscera/ Big Daddy V
60.7%
SummerSlam '10Darren Young
59.1%
WrestleMania IMr. T
58%
No Way Out '12Titus O'Neil
56.7%
WrestleMania IIIKoko B. Ware
53.4%
Money in the Bank '16Apollo Crews
50.9%
Royal Rumble '10Ezekiel Jackson
47.6%
Unforgiven '99D-Von Dudley
44.7%
WrestleMania ISD Jones
44.7%
Survivor Series '93Mo
43.8%
Survivor Series '16Jason Jordan
43.3%
SummerSlam '10Michael Tarver
43%
No Mercy '06MVP
42.1%
WrestleMania IITony Atlas/ Saba Simba
41%
SummerSlam '10David Otunga
40.8%
Cyber Sunday '06JTG
37.9%
SummerSlam '98Jacqueline
36.5%
Royal Rumble '91Virgil
35.8%
SummerSlam '92Kamala
35.7%
First PPV Wrestler % Correct
Cyber Sunday '06Shad Gaspard
35.6%
WrestleMania XILawrence Taylor
34.6%
Survivor Series '01Jazz
34.3%
December to DismemberElijah Burke
33.8%
WrestleMania IIIButch Reed
33.4%
Roadblock: End of the LineRich Swann
33%
Survivor Series '13Cameron
32.8%
TLC '12Naomi
32.8%
WrestleMania XXVAlicia Fox
31.1%
No Way Out '07Little Boogeyman
30.2%
Royal Rumble '06The Boogeyman
30.1%
SummerSlam '89Zeus
29.8%
Battleground '15Sasha Banks
29.1%
Royal Rumble '05Orlando Jordan
28.7%
WrestleMania IIWilliam Perry
27.6%
Insurrextion '03Theodore Long
24.9%
Royal Rumble '12Brodus Clay
23.5%
Insurrextion '03Rodney Mack
22.5%
Survivor Series '96Flash Funk/ Scorpio
20.7%
Royal Rumble '12Kharma
20.1%
WrestleMania XXIVFloyd Mayweather, Jr.
19.9%
Royal Rumble '02Maven
18.8%
WrestleMania XXIISharmell
17.3%
King of the Ring '93Mr. Hughes
17.1%
WrestleMania IIIThe Haiti Kid
17%
Royal Rumble '04Ernest Miller
16.2%
WrestleMania XXXIIShaquille O'Neal
15.9%
WrestleMania VISapphire
14.7%
WrestleMania IIGeorge Wells
14.5%
No Way Out '04Shaniqua
12%
WrestleMania IIHarvey Martin
10.9%
Unforgiven '03Jonathan Coachman
10.8%
WrestleMania IIErnie Holmes
9.8%
Great American Bash '06Kristal Marshall
8.1%
Survivor Series '95Aja Kong
6.9%

You're not logged in!

Compare scores with friends on all Sporcle quizzes.
Join for Free
OR
Log In

You Might Also Like...

Show Comments

Extras

Top Quizzes Today


Score Distribution

Your Account Isn't Verified!

In order to create a playlist on Sporcle, you need to verify the email address you used during registration. Go to your Sporcle Settings to finish the process.

Report this User

Report this user for behavior that violates our Community Guidelines.

Details: